[Event "XVI Festival Conca della Presolana A"]
[Site "Bratto - Castione della Presolana ITA"]
[Date "1996.08.30"]
[Round "9"]
[White "Belakovskaia, Anjelina"]
[Black "Bancod, Ronald"]
[Result "0-1"]
[WhiteElo "2350"]
[BlackElo "2400"]
[PlyCount "104"]
[EventDate "1996.08.22"]

1. d4 Nf6 2. c4 c5 3. d5 b5 4. cxb5 a6 5. bxa6 g6 6. Nc3 Bxa6 7. e4 Bxf1 8.
Kxf1 d6 9. g4 Bg7 10. g5 Nfd7 11. h4 Qa5 12. Nge2 Nb6 13. h5 Rg8 14. Qb3 Na6
15. Qb5+ Qxb5 16. Nxb5 Kd7 17. Nec3 Nc7 18. Nxc7 Kxc7 19. Ke2 e6 20. hxg6 hxg6
21. Rh7 Raf8 22. Nb5+ Kd7 23. Bf4 exd5 24. Nxd6 Bxb2 25. Rb1 Na4 26. Kd2 Ke6
27. exd5+ Kxd5 28. Kc2 Bd4 29. Rb7 Nc3 30. Nxf7 Ra8 31. Rd7+ Ke4 32. Bg3 Rxa2+
33. Kb3 Rga8 34. Rh4+ Kf3 35. Ne5+ Bxe5 36. Bxe5 R8a3+ 37. Kc4 Ra4+ 38. Kxc3
Rxh4 39. Bg3 Rb4 40. Rf7+ Kg4 41. Bd6 Ra3+ 42. Kc2 Rc4+ 43. Kb2 Ra6 44. Be5
Rb6+ 45. Ka3 Rcb4 46. Rf6 Kxg5 47. Rd6 Kf5 48. Bg3 Rb3+ 49. Ka2 R3b5 50. Rd3
Ra6+ 51. Ra3 Rxa3+ 52. Kxa3 c4 0-1

[Event "XVI Festival Conca della Presolana A"]
[Site "Bratto - Castione della Presolana ITA"]
[Date "1996.08.30"]
[Round "9"]
[White "Bresciani, Nicola"]
[Black "Mantovani, Renzo"]
[Result "0-1"]
[WhiteElo "2320"]
[BlackElo "2360"]
[PlyCount "150"]
[EventDate "1996.08.22"]

1. e4 c5 2. Nf3 d6 3. d4 cxd4 4. Nxd4 Nf6 5. Nc3 a6 6. Be2 e5 7. Nb3 Be7 8. O-O
O-O 9. Be3 Nbd7 10. a4 b6 11. Bc4 Bb7 12. f3 Rc8 13. Qe2 Nb8 14. Nc1 Qc7 15.
Bb3 Nc6 16. Qf2 Nd4 17. Bxd4 exd4 18. N3e2 d5 19. exd5 Nxd5 20. Nxd4 Bd6 21. g3
Rfe8 22. Nd3 g6 23. Rfe1 h5 24. Rxe8+ Rxe8 25. Re1 Rd8 26. c3 Kg7 27. f4 Nf6
28. Bd1 Bc5 29. Ne5 Qd6 30. Bf3 Bxd4 31. cxd4 Bxf3 32. Nxf3 Qb4 33. f5 Ng4 34.
Qe2 gxf5 35. Qe7 Qxe7 36. Rxe7 Rc8 37. h3 Kf8 38. Re2 Nf6 39. Kg2 Rc4 40. b3
Rc3 41. Nh4 Rxb3 42. Nxf5 b5 43. axb5 Rxb5 44. Ne3 Rb3 45. Nf5 Rb5 46. Ne3 Nd5
47. Nxd5 Rxd5 48. Ra2 a5 49. Kf3 Ke7 50. Ke4 Rb5 51. Rc2 Kd7 52. g4 hxg4 53.
hxg4 a4 54. Ra2 Ra5 55. Ra3 Kd6 56. d5 Ra8 57. g5 Ra5 58. Ra1 a3 59. Ra2 Ra6
60. Kd4 Ra4+ 61. Kc3 Kxd5 62. Kb3 Ra7 63. Rd2+ Ke5 64. Ka2 Kf5 65. Rd5+ Kg6 66.
Rb5 Ra8 67. Rd5 Ra4 68. Rc5 Rg4 69. Kxa3 Rxg5 70. Rc6+ f6 71. Kb3 Rd5 72. Kc2
Kg5 73. Rc3 f5 74. Rd3 Rxd3 75. Kxd3 Kg4 0-1

[Event "XVI Festival Conca della Presolana A"]
[Site "Bratto - Castione della Presolana ITA"]
[Date "1996.08.30"]
[Round "9"]
[White "Castaldo, Folco"]
[Black "Cugini, Verter"]
[Result "1/2-1/2"]
[WhiteElo "1987"]
[BlackElo "2255"]
[PlyCount "53"]
[EventDate "1996.08.22"]

1. e4 e6 2. d4 d5 3. Nd2 Nf6 4. e5 Ne4 5. Bd3 Nxd2 6. Bxd2 c5 7. dxc5 Nd7 8.
Qe2 Nxc5 9. f4 Be7 10. Nf3 Bd7 11. Nd4 Qb6 12. Nb3 Nxd3+ 13. Qxd3 Bb5 14. Qd4
Qc7 15. Bc3 Bc4 16. O-O-O Bxb3 17. axb3 g6 18. g4 b5 19. Bb4 Rc8 20. Rd2 Bxb4
21. Qxb4 Qc5 22. Qxc5 Rxc5 23. Rd4 Ke7 24. b4 Rc4 25. Rxc4 bxc4 26. c3 f6 27.
Kd2 1/2-1/2

[Event "XVI Festival Conca della Presolana A"]
[Site "Bratto - Castione della Presolana ITA"]
[Date "1996.08.30"]
[Round "9"]
[White "Eynard, Valdo"]
[Black "Sgnaolin, Davide"]
[Result "1/2-1/2"]
[WhiteElo "1975"]
[BlackElo "2080"]
[PlyCount "33"]
[EventDate "1996.08.22"]

1. e4 c5 2. Nf3 Nc6 3. Bb5 g6 4. O-O Bg7 5. c3 a6 6. Bxc6 dxc6 7. d4 cxd4 8.
Nxd4 Nf6 9. f3 e5 10. Ne2 Qb6+ 11. Kh1 O-O 12. Qb3 Qxb3 13. axb3 Be6 14. Nd2
Rfd8 15. Nc4 Bxc4 16. bxc4 Rd3 17. Bg5 1/2-1/2

[Event "XVI Festival Conca della Presolana A"]
[Site "Bratto - Castione della Presolana ITA"]
[Date "1996.08.30"]
[Round "9"]
[White "Gandolfo, Marco"]
[Black "Marinescu, Marian"]
[Result "1/2-1/2"]
[WhiteElo "1973"]
[BlackElo "2130"]
[PlyCount "123"]
[EventDate "1996.08.22"]

1. g3 Nf6 2. Bg2 g6 3. e4 d6 4. h3 Bg7 5. c3 O-O 6. Ne2 c5 7. O-O Nc6 8. d4
cxd4 9. cxd4 Bd7 10. Nbc3 Rc8 11. Be3 a6 12. a3 Na5 13. Qd3 Nc4 14. Bc1 b5 15.
b3 Na5 16. Rb1 Be6 17. d5 Bd7 18. Be3 Qc7 19. Rfc1 Qb8 20. Na2 Rxc1+ 21. Rxc1
Rc8 22. Kh2 Rxc1 23. Nexc1 Be8 24. Bd4 Bh6 25. Qc3 Nb7 26. b4 Nd7 27. f4 Qd8
28. Nd3 Nb6 29. g4 Nc4 30. g5 Bf8 31. h4 Bd7 32. Nac1 Qc8 33. Ne2 e6 34. Ng3 a5
35. Bf3 axb4 36. axb4 Qa8 37. Qa1 Qa4 38. Bd1 Qxa1 39. Bxa1 exd5 40. exd5 Bg7
41. Bxg7 Kxg7 42. Bf3 Nd2 43. Bg2 f6 44. Ne4 Nxe4 45. Bxe4 Nd8 46. Kg3 Nf7 47.
Ne1 h6 48. gxf6+ Kxf6 49. Nf3 g5 50. hxg5+ hxg5 51. Nd4 gxf4+ 52. Kxf4 Ne5 53.
Ne2 Ng4 54. Nd4 Nf2 55. Bc2 Nh3+ 56. Ke3 Ke5 57. Be4 Ng5 58. Nf3+ Nxf3 59. Bxf3
Be8 60. Be4 Bd7 61. Bf3 Bh3 62. Be2 1/2-1/2

[Event "XVI Festival Conca della Presolana A"]
[Site "Bratto - Castione della Presolana ITA"]
[Date "1996.08.30"]
[Round "9"]
[White "Genocchio, Daniele"]
[Black "Ansner, Bjorn"]
[Result "1-0"]
[WhiteElo "2131"]
[BlackElo "2110"]
[PlyCount "39"]
[EventDate "1996.08.22"]

1. e4 c5 2. Nf3 Nc6 3. c3 d5 4. exd5 Qxd5 5. d4 Bg4 6. Be2 cxd4 7. cxd4 e6 8.
h3 Bh5 9. O-O Nf6 10. Nc3 Qd8 11. Qb3 Rb8 12. Rd1 Nd5 13. Nxd5 Qxd5 14. Bc4 Qd8
15. d5 Bxf3 16. Qxf3 exd5 17. Bxd5 Qf6 18. Qg3 Rc8 19. Bg5 Bd6 20. Qg4 1-0

[Event "XVI Festival Conca della Presolana A"]
[Site "Bratto - Castione della Presolana ITA"]
[Date "1996.08.30"]
[Round "9"]
[White "Griffa, Roberto"]
[Black "Lovati, Paolo"]
[Result "1-0"]
[WhiteElo "1917"]
[BlackElo "1981"]
[PlyCount "39"]
[EventDate "1996.08.22"]

1. d4 Nf6 2. Nf3 e6 3. Bg5 d5 4. Nbd2 Be7 5. e3 O-O 6. Bd3 Nbd7 7. O-O b6 8.
Ne5 Bb7 9. Qf3 Ne8 10. Bxe7 Qxe7 11. Qh3 f5 12. f4 Nd6 13. Nxd7 Qxd7 14. Nf3
Rf6 15. Ne5 Qe7 16. Qh4 Nf7 17. g4 Nd6 18. Rf3 Rf7 19. g5 Raf8 20. Rh3 1-0

[Event "XVI Festival Conca della Presolana A"]
[Site "Bratto - Castione della Presolana ITA"]
[Date "1996.08.30"]
[Round "9"]
[White "Kojic, Tigran"]
[Black "Lanzani, Mario"]
[Result "1-0"]
[WhiteElo "2099"]
[BlackElo "2355"]
[PlyCount "53"]
[EventDate "1996.08.22"]

1. d4 d5 2. Nf3 Nf6 3. c4 dxc4 4. e3 Bg4 5. Bxc4 e6 6. O-O a6 7. h3 Bh5 8. a4
Nc6 9. Nc3 Bd6 10. Re1 O-O 11. g4 Bg6 12. e4 Bb4 13. Bg5 h6 14. Bh4 Qd7 15. d5
Bxc3 16. bxc3 exd5 17. exd5 Na5 18. Ne5 Qd6 19. Nxg6 fxg6 20. Ba2 Qc5 21. Qd3
b5 22. Qxg6 Nc4 23. Re6 Nxd5 24. Bb1 Nd2 25. Rc6 Qxc6 26. Qxc6 Nf4 27. Bf5 1-0

[Event "XVI Festival Conca della Presolana A"]
[Site "Bratto - Castione della Presolana ITA"]
[Date "1996.08.30"]
[Round "9"]
[White "Lagrotteria, Salvatore"]
[Black "Caruso, Daniele"]
[Result "1/2-1/2"]
[WhiteElo "2165"]
[BlackElo "2155"]
[PlyCount "111"]
[EventDate "1996.08.22"]

1. Nf3 Nf6 2. g3 g6 3. Bg2 Bg7 4. O-O O-O 5. d3 d6 6. e4 c5 7. Nbd2 Nc6 8. a4
Rb8 9. Nc4 b6 10. e5 Ng4 11. exd6 exd6 12. Bg5 Qc7 13. c3 Be6 14. Bf4 Nge5 15.
Na3 Bg4 16. Nb5 Qd7 17. d4 cxd4 18. Nbxd4 Nxd4 19. cxd4 Nxf3+ 20. Bxf3 Bxf3 21.
Qxf3 Bxd4 22. Rad1 Bxb2 23. Qb3 Bg7 24. Bxd6 Qb7 25. Bxb8 Rxb8 26. Rd5 Re8 27.
Rfd1 Bf8 28. Qb5 Re7 29. Rd7 Rxd7 30. Rxd7 Qf3 31. Rxa7 Bc5 32. Qe8+ Kg7 33.
Qe5+ Kg8 34. Qe1 h5 35. Rd7 h4 36. Rd8+ Kh7 37. Qf1 Kg7 38. Rd3 Bxf2+ 39. Qxf2
Qxd3 40. gxh4 Qd1+ 41. Kg2 Qg4+ 42. Kh1 Qxa4 43. Qxb6 Qxh4 44. Qc7 Qf2 45. h3
g5 46. Qe5+ f6 47. Qe7+ Kg6 48. Qe4+ Kh6 49. Qe6 Qf3+ 50. Kh2 Kg6 51. Qd7 Qf2+
52. Kh1 Qe2 53. Qc8 Qe4+ 54. Kh2 f5 55. Qg8+ Kf6 56. Qh8+ 1/2-1/2

[Event "XVI Festival Conca della Presolana A"]
[Site "Bratto - Castione della Presolana ITA"]
[Date "1996.08.30"]
[Round "9"]
[White "Magalotti, Andrea"]
[Black "Rossi, Giampiero"]
[Result "1/2-1/2"]
[WhiteElo "2100"]
[BlackElo "2105"]
[PlyCount "123"]
[EventDate "1996.08.22"]

1. c4 e6 2. Nc3 d5 3. d4 Nf6 4. Nf3 Nbd7 5. Bf4 c6 6. Qc2 Be7 7. e3 O-O 8.
O-O-O Nh5 9. Be5 f6 10. Bg3 Nxg3 11. hxg3 g6 12. g4 Re8 13. Bd3 Nf8 14. e4 dxe4
15. Nxe4 f5 16. gxf5 exf5 17. Ng3 Bf6 18. d5 cxd5 19. cxd5 Qb6 20. Kb1 Bd7 21.
Qd2 Rac8 22. Rc1 a5 23. Rhe1 a4 24. a3 Kg7 25. Bc4 Rxe1 26. Nxe1 Qd4 27. Qxd4
Bxd4 28. Nd3 b5 29. Ba2 Rxc1+ 30. Kxc1 Kf6 31. Ne2 Bb6 32. f4 h6 33. Kd2 Ke7
34. Ne5 Be8 35. Nc3 Kd6 36. Kd3 Nh7 37. Nf3 Nf6 38. Nd4 Bxd4 39. Kxd4 Nh5 40.
Ke3 Nf6 41. Kd4 Nh5 42. Ke3 Kc5 43. g4 Nf6 44. g5 Ng4+ 45. Kf3 hxg5 46. fxg5
Ne5+ 47. Kg3 Nf7 48. Kf4 Kb6 49. Bb1 Bd7 50. Ne2 Kc5 51. Ng3 Kd6 52. Nf1 Ne5
53. Ne3 Nc4 54. Nxf5+ gxf5 55. g6 Kxd5 56. g7 Be6 57. Bxf5 Bg8 58. Bd7 Kc5 59.
Kf5 Nxb2 60. Kf6 Nc4 61. Be6 Bh7 62. Bc8 1/2-1/2

[Event "XVI Festival Conca della Presolana A"]
[Site "Bratto - Castione della Presolana ITA"]
[Date "1996.08.30"]
[Round "9"]
[White "Menoni, Vincenzo"]
[Black "Campini, Marco"]
[Result "1-0"]
[WhiteElo "2245"]
[BlackElo "2123"]
[PlyCount "79"]
[EventDate "1996.08.22"]

1. e4 c5 2. Nc3 Nc6 3. g3 d6 4. Bg2 g6 5. d3 Bg7 6. Be3 Nf6 7. h3 Bd7 8. Qd2
Nd4 9. Nce2 e5 10. c3 Ne6 11. f4 Qc7 12. g4 Bc6 13. f5 gxf5 14. gxf5 Nf8 15. c4
N8d7 16. Nc3 h5 17. Nf3 a6 18. Rg1 Bf8 19. Bh1 b5 20. b3 bxc4 21. bxc4 Rb8 22.
Kf2 Qa5 23. Rab1 Rb4 24. Rb2 Rxc4 25. dxc4 Qxc3 26. Qxc3 Nxe4+ 27. Ke1 Nxc3 28.
Ng5 Na4 29. Bxc6 Nxb2 30. Bd5 f6 31. Ne6 Nd3+ 32. Kd2 Nf4 33. Bxf4 exf4 34. Rb1
f3 35. Bxf3 Bh6+ 36. Kc3 Ke7 37. Rb7 Rc8 38. Ra7 h4 39. Bb7 Rd8 40. Bc6 1-0

[Event "XVI Festival Conca della Presolana A"]
[Site "Bratto - Castione della Presolana ITA"]
[Date "1996.08.30"]
[Round "9"]
[White "Oppici, Gabriele"]
[Black "Ceresoli, Luigi"]
[Result "0-1"]
[WhiteElo "2055"]
[BlackElo "2087"]
[PlyCount "90"]
[EventDate "1996.08.22"]

1. Nc3 e5 2. Nf3 Nc6 3. d4 exd4 4. Nxd4 Bc5 5. Nf5 d6 6. Nxg7+ Kf8 7. Nh5 Qh4
8. Ng3 Nf6 9. Qd2 h6 10. Qf4 Qxf4 11. Bxf4 Nb4 12. Rc1 Bd4 13. Bd2 Ng4 14. e3
Bxc3 15. Bxc3 Nxa2 16. Bxh8 Nxc1 17. h3 Ne5 18. Bxe5 dxe5 19. Bc4 Bd7 20. Kd2
b5 21. Rxc1 bxc4 22. Ra1 a5 23. Kc3 Be6 24. Nf1 Ke7 25. Nd2 h5 26. h4 Kf6 27.
Nxc4 Bxc4 28. Kxc4 Kf5 29. Ra4 Rg8 30. g3 Rg4+ 31. Kb5 Rxa4 32. Kxa4 Kg4 33.
Kxa5 Kf3 34. Kb5 Kxf2 35. Kc6 Kxe3 36. Kxc7 Kd4 37. Kc6 e4 38. b4 e3 39. b5 e2
40. b6 e1=Q 41. b7 Qc3+ 42. Kb6 Qb4+ 43. Kc7 Qc5+ 44. Kd7 Qb6 45. Kc8 Qc6+ 0-1

[Event "XVI Festival Conca della Presolana A"]
[Site "Bratto - Castione della Presolana ITA"]
[Date "1996.08.30"]
[Round "9"]
[White "Pantaleoni, Claudio"]
[Black "Bossi, Alessandro"]
[Result "1/2-1/2"]
[WhiteElo "2235"]
[BlackElo "2009"]
[PlyCount "23"]
[EventDate "1996.08.22"]

1. Nf3 Nf6 2. g3 b6 3. Bg2 Bb7 4. c4 c5 5. O-O g6 6. b3 Bg7 7. Bb2 O-O 8. d4
cxd4 9. Nxd4 Bxg2 10. Kxg2 d5 11. cxd5 Qxd5+ 12. Nf3 1/2-1/2

[Event "XVI Festival Conca della Presolana A"]
[Site "Bratto - Castione della Presolana ITA"]
[Date "1996.08.30"]
[Round "9"]
[White "Pegoraro, Nicola"]
[Black "Di Lazzaro, Gabriele"]
[Result "1/2-1/2"]
[WhiteElo "2034"]
[BlackElo "2095"]
[PlyCount "110"]
[EventDate "1996.08.22"]

1. e4 g6 2. d4 Bg7 3. Nc3 c6 4. Be3 d6 5. Qd2 Nd7 6. Bd3 Qc7 7. Nf3 b5 8. O-O
Bb7 9. d5 a6 10. dxc6 Bxc6 11. Nd4 Bb7 12. a4 bxa4 13. Nxa4 Ngf6 14. f3 O-O 15.
Nb3 d5 16. Nac5 dxe4 17. fxe4 Ng4 18. Bf4 Qb6 19. Qa5 Qa7 20. Kh1 Nxc5 21. Nxc5
Bd4 22. Nxb7 Qxb7 23. Bg3 Qxb2 24. Rfb1 Qc3 25. Qxc3 Bxc3 26. Rxa6 Rxa6 27.
Bxa6 Rd8 28. h3 Ne3 29. Bd3 Kg7 30. Rb3 Bd4 31. Rb4 e5 32. Ra4 Rc8 33. Ra2 Rb8
34. Kh2 Nd1 35. Be1 Rb1 36. c3 Rb2 37. Rxb2 Nxb2 38. cxd4 Nxd3 39. Bc3 exd4 40.
Bxd4+ f6 41. Kg3 Kf7 42. Kf3 h5 43. Ke3 Ne1 44. Kf2 Nc2 45. Bc3 Ke6 46. h4 Na3
47. Kf3 Nc4 48. Kf4 Nd6 49. Bxf6 Nxe4 50. Kxe4 Kxf6 51. Kf4 Kf7 52. Kg5 Kg7 53.
g3 Kf7 54. Kh6 Kf6 55. Kh7 Kf7 1/2-1/2

[Event "XVI Festival Conca della Presolana A"]
[Site "Bratto - Castione della Presolana ITA"]
[Date "1996.08.30"]
[Round "9"]
[White "Piva, Giorgio"]
[Black "Everet, Alexandro"]
[Result "1/2-1/2"]
[WhiteElo "2170"]
[BlackElo "2130"]
[PlyCount "104"]
[EventDate "1996.08.22"]

1. d4 d5 2. c4 e6 3. Nc3 Nf6 4. cxd5 exd5 5. Bg5 Be7 6. e3 c6 7. Qc2 Be6 8. Bd3
Nbd7 9. Nf3 h6 10. Bh4 O-O 11. O-O Ne8 12. Bg3 Bd6 13. Na4 Bxg3 14. hxg3 Rc8
15. Rac1 Qa5 16. a3 Nef6 17. b4 Qd8 18. Qb1 Qe7 19. Rc3 Nb8 20. Nc5 Rc7 21.
Rfc1 Rfc8 22. Qc2 Nfd7 23. Nb3 a6 24. Qd1 Bg4 25. Qc2 Be6 26. Nh4 Nf8 27. Nc5
Nbd7 28. Nf5 Bxf5 29. Bxf5 Ne6 30. Qb1 Re8 31. a4 Nb6 32. Qc2 Nc4 33. Bd3 Nd6
34. Qb2 Nxc5 35. Rxc5 Ne4 36. Bxe4 Qxe4 37. Qc2 Qxc2 38. R1xc2 Rec8 39. b5 axb5
40. axb5 Kf8 41. g4 Ke7 42. bxc6 Rxc6 43. Rxc6 Rxc6 44. Rxc6 bxc6 45. Kf1 Kd6
46. Ke2 g6 47. Kd3 c5 48. dxc5+ Kxc5 49. Kc3 f6 50. g3 Kc6 51. Kd4 Kd6 52. f4
Kc6 1/2-1/2

[Event "XVI Festival Conca della Presolana A"]
[Site "Bratto - Castione della Presolana ITA"]
[Date "1996.08.30"]
[Round "9"]
[White "Profumo, Alberto"]
[Black "Ranieri, Fabrizio"]
[Result "1-0"]
[WhiteElo "2163"]
[BlackElo "2113"]
[PlyCount "111"]
[EventDate "1996.08.22"]

1. Nf3 e6 2. g3 Be7 3. Bg2 Nf6 4. c4 d5 5. d4 c6 6. O-O O-O 7. Qc2 Nbd7 8. b3
Re8 9. Bb2 Nf8 10. Nbd2 Ng6 11. e4 dxe4 12. Nxe4 Nxe4 13. Qxe4 Bf6 14. Rfd1 Qc7
15. Rd2 b6 16. Ne5 Bxe5 17. dxe5 Bb7 18. Rad1 Rad8 19. Ba3 Rxd2 20. Rxd2 Rd8
21. Bd6 Qd7 22. b4 Ne7 23. a4 Ba8 24. c5 Nd5 25. cxb6 axb6 26. Qd4 c5 27. bxc5
bxc5 28. Bxc5 Bc6 29. a5 Ra8 30. Ra2 Qb7 31. Qb2 Qxb2 32. Rxb2 g6 33. a6 Kg7
34. a7 f6 35. exf6+ Kxf6 36. Rb8 Kf7 37. Rxa8 Bxa8 38. Be4 Kf6 39. f3 Bc6 40.
Kf2 Ke5 41. h4 Bb7 42. h5 Kf6 43. hxg6 hxg6 44. Bd4+ Kf7 45. Ke2 g5 46. Kf2 Ke7
47. Be5 Kf7 48. Kg1 g4 49. fxg4 Ke7 50. g5 Kf8 51. g6 Kg8 52. Kf2 Kf8 53. g7+
Kg8 54. g4 Kf7 55. Bxd5 exd5 56. Ke3 1-0

[Event "XVI Festival Conca della Presolana A"]
[Site "Bratto - Castione della Presolana ITA"]
[Date "1996.08.30"]
[Round "9"]
[White "Rizzuti, Pasquale"]
[Black "Dinser, Hans"]
[Result "0-1"]
[WhiteElo "1774"]
[BlackElo "2165"]
[PlyCount "100"]
[EventDate "1996.08.22"]

1. e4 c5 2. Nf3 d6 3. d4 cxd4 4. Nxd4 Nf6 5. Nc3 g6 6. Bc4 Bg7 7. Bb3 Nc6 8. f3
O-O 9. Be3 Bd7 10. Qd2 Na5 11. Bh6 Nxb3 12. axb3 a6 13. Bxg7 Kxg7 14. g4 Rh8
15. Nd5 e5 16. Nf5+ Bxf5 17. gxf5 Nxd5 18. exd5 Qh4+ 19. Ke2 Rhe8 20. Ra4 Qf6
21. fxg6 hxg6 22. h4 Rh8 23. Rg4 Rh5 24. Rg5 Rah8 25. Qb4 b5 26. Qg4 Qe7 27.
Rg1 Rxg5 28. hxg5 Qc7 29. Kd3 Qc5 30. c4 bxc4+ 31. bxc4 Rh2 32. Rg2 Rxg2 33.
Qxg2 Qd4+ 34. Kc2 Qxc4+ 35. Kb1 Qxd5 36. Qg4 Qe6 37. Qb4 d5 38. Qd2 d4 39. f4
Qf5+ 40. Ka2 Qxf4 41. Qa5 d3 42. Qd8 d2 43. b4 Qc4+ 44. Kb2 Qc1+ 45. Ka2 Qc2+
46. Ka3 Qc3+ 47. Ka2 e4 48. b5 axb5 49. Qb8 b4 50. Qa8 Qc2+ 0-1

[Event "VIII Festival A"]
[Site "Porto San Giorgio ITA"]
[Date "1996.08.20"]
[Round "1"]
[White "Aleksic, Nenad"]
[Black "Astengo, Marcello"]
[Result "1-0"]
[WhiteElo "2425"]
[BlackElo "2115"]
[PlyCount "53"]
[EventDate "1996.08.20"]

1. e4 e6 2. Nf3 d5 3. Nc3 Nf6 4. e5 Nfd7 5. d4 c5 6. dxc5 Nc6 7. Bf4 Bxc5 8.
Bd3 Nb4 9. Be2 f6 10. exf6 Nxf6 11. O-O O-O 12. Ne5 Bd7 13. a3 Nc6 14. Bd3 Be8
15. Nxc6 bxc6 16. Qe2 Qd7 17. Rae1 Bf7 18. Nb1 Rae8 19. Be5 Bh5 20. Qd2 Ng4 21.
Bg3 Rf7 22. h3 Nh6 23. Qg5 Rf5 24. Bxf5 Nxf5 25. Be5 Bg6 26. Nd2 Nd4 27. Qe3
1-0

[Event "VIII Festival A"]
[Site "Porto San Giorgio ITA"]
[Date "1996.08.20"]
[Round "1"]
[White "Bellia, Fabrizio"]
[Black "Wismeijer, Jeroen"]
[Result "1-0"]
[WhiteElo "2335"]
[BlackElo "2045"]
[PlyCount "95"]
[EventDate "1996.08.20"]

1. e4 Nf6 2. e5 Nd5 3. d4 d6 4. Nf3 Bg4 5. Be2 Nc6 6. O-O dxe5 7. Nxe5 Nxe5 8.
dxe5 Bxe2 9. Qxe2 Qd7 10. c4 Nb6 11. Rd1 Qe6 12. b3 g6 13. Bb2 f5 14. Nc3 c6
15. Nd5 Nxd5 16. cxd5 cxd5 17. Qb5+ Qc6 18. Rxd5 e6 19. Qxc6+ bxc6 20. Rd4 Be7
21. Rc1 Rc8 22. Kf1 Rc7 23. Ke2 Kf7 24. Rdc4 Rhc8 25. Bd4 Ke8 26. Ra4 Ra8 27.
Ra6 Kd7 28. Rc4 c5 29. Be3 Rac8 30. Rc1 Ra8 31. Rd1+ Ke8 32. Rxe6 Kf7 33. Ra6
c4 34. e6+ Ke8 35. bxc4 Rxc4 36. Rd7 Re4 37. Rb7 f4 38. Kf3 fxe3 39. Kxe4 exf2
40. Rb1 Bb4 41. Kf3 Bc5 42. Ke2 Rd8 43. a4 Rd4 44. Rc6 Re4+ 45. Kf1 Re5 46.
Rb8+ Ke7 47. Rb7+ Kd8 48. Rd7+ 1-0

[Event "VIII Festival A"]
[Site "Porto San Giorgio ITA"]
[Date "1996.08.20"]
[Round "1"]
[White "Bissanti, Carlo"]
[Black "Vukovic, Zdravko"]
[Result "0-1"]
[WhiteElo "2165"]
[BlackElo "2475"]
[PlyCount "78"]
[EventDate "1996.08.20"]

1. e4 c5 2. Nf3 Nc6 3. d4 cxd4 4. Nxd4 Nf6 5. Nc3 d6 6. Be2 e5 7. Nb3 Be7 8.
Be3 O-O 9. O-O Be6 10. f3 a5 11. Nd5 Bxd5 12. exd5 Nb4 13. c4 Nd7 14. Qd2 b6
15. Nc1 Na6 16. Nd3 Nac5 17. Nxc5 bxc5 18. Bd1 h6 19. Bc2 Bg5 20. Bxg5 hxg5 21.
Rae1 g6 22. Re4 Kg7 23. Rg4 f6 24. h4 Rh8 25. Qd3 Nf8 26. hxg5 f5 27. Rg3 Rh4
28. f4 exf4 29. Rgf3 Qxg5 30. Qb3 Re8 31. Qc3+ Kg8 32. Re1 Rxe1+ 33. Qxe1 Qh6
34. Qxa5 Rh1+ 35. Kf2 Qh2 36. Qd8 Qg1+ 37. Ke2 Qxg2+ 38. Rf2 f3+ 39. Ke3 Re1+
0-1

[Event "VIII Festival A"]
[Site "Porto San Giorgio ITA"]
[Date "1996.08.20"]
[Round "1"]
[White "Bonanzinga, Corrado"]
[Black "Misiano, Franco"]
[Result "1-0"]
[WhiteElo "2007"]
[BlackElo "2225"]
[PlyCount "129"]
[EventDate "1996.08.20"]

1. e4 e6 2. d4 d5 3. Nc3 Bb4 4. e5 c5 5. a3 Ba5 6. b4 cxd4 7. Qg4 Ne7 8. bxa5
dxc3 9. Qxg7 Rg8 10. Qxh7 Nbc6 11. Nf3 Qc7 12. Bf4 Bd7 13. a6 O-O-O 14. axb7+
Kb8 15. Qd3 Rg4 16. g3 Ng6 17. h3 Nxf4 18. Qxc3 Nxh3 19. Rxh3 Nxe5 20. Qxc7+
Kxc7 21. Nxe5 Re4+ 22. Kd2 Rxe5 23. Bd3 d4 24. Rb1 Kb8 25. Rh7 f5 26. Rb4 Rd5
27. f4 Rd6 28. a4 a5 29. Rb1 Bxa4 30. Ra1 Bc6 31. Rxa5 Bxb7 32. Rb5 R8d7 33.
Rxd7 Rxd7 34. Rb6 Kc7 35. Rxe6 Rg7 36. Bxf5 Rxg3 37. Rg6 Ra3 38. Rg7+ Kb6 39.
Bd3 Bd5 40. f5 Ra8 41. Rg4 Kc5 42. Ke2 Rf8 43. Kf2 Bc4 44. Rf4 Bxd3 45. cxd3
Kd5 46. Kf3 Ke5 47. Re4+ Kf6 48. Kf4 Rh8 49. Re6+ Kf7 50. Ke5 Ra8 51. Rd6 Ke7
52. Rxd4 Ra6 53. Rd5 Rb6 54. d4 Rb1 55. f6+ Kf7 56. Rd7+ Ke8 57. Re7+ Kf8 58.
d5 Re1+ 59. Kd6 Ra1 60. Kc7 Rc1+ 61. Kd7 Rf1 62. f7 Ra1 63. d6 Kg7 64. Kc8 Kf8
65. Rb7 1-0

[Event "VIII Festival A"]
[Site "Porto San Giorgio ITA"]
[Date "1996.08.20"]
[Round "1"]
[White "Borgo, Giulio"]
[Black "Van Eijck, Evert"]
[Result "1-0"]
[WhiteElo "2375"]
[BlackElo "2090"]
[PlyCount "55"]
[EventDate "1996.08.20"]

1. e4 c5 2. Nf3 d6 3. c3 Nf6 4. Be2 Qa5 5. d3 Nc6 6. Nbd2 e5 7. O-O Be7 8. Re1
O-O 9. h3 h6 10. Bf1 Re8 11. Nc4 Qc7 12. d4 Bf8 13. d5 Na5 14. Ne3 b6 15. Nd2
Bd7 16. b4 Nb7 17. Ba6 b5 18. a4 cxb4 19. cxb4 Qb6 20. axb5 Bxb5 21. Ndc4 Bxc4
22. Nxc4 Qc7 23. Qf3 Nd7 24. Be3 Reb8 25. Rec1 Qd8 26. Qe2 Be7 27. Bxb7 Rxb7
28. Na5 1-0

[Event "VIII Festival A"]
[Site "Porto San Giorgio ITA"]
[Date "1996.08.20"]
[Round "1"]
[White "Castrogiovanni, Carlo"]
[Black "Marinelli, Tullio"]
[Result "1/2-1/2"]
[WhiteElo "2095"]
[BlackElo "2425"]
[PlyCount "61"]
[EventDate "1996.08.20"]

1. c4 e5 2. Nc3 Nf6 3. g3 d5 4. cxd5 Nxd5 5. Bg2 Nb6 6. Nf3 Nc6 7. O-O Be7 8.
e3 O-O 9. d4 exd4 10. Nxd4 Nxd4 11. exd4 Bf6 12. d5 Bf5 13. Bf4 Qd7 14. Rc1
Rfe8 15. Qb3 a5 16. Nb5 a4 17. Qb4 Nxd5 18. Bxd5 Qxd5 19. Nxc7 Qf3 20. Qa3 Qe2
21. Nxe8 Bxb2 22. Qxa4 Bxc1 23. Rxc1 Bh3 24. Qd1 Qxd1+ 25. Rxd1 Rxe8 26. a3 f6
27. Bd6 Rc8 28. Bb4 Rc2 29. f4 Rg2+ 30. Kh1 h5 31. Rd2 1/2-1/2

[Event "VIII Festival A"]
[Site "Porto San Giorgio ITA"]
[Date "1996.08.20"]
[Round "1"]
[White "Efimov, Igor"]
[Black "Ventura, Boris"]
[Result "1-0"]
[WhiteElo "2510"]
[BlackElo "2190"]
[PlyCount "53"]
[EventDate "1996.08.20"]

1. d4 Nf6 2. Nf3 c5 3. d5 d6 4. Nc3 g6 5. h3 Bg7 6. e4 O-O 7. a4 Na6 8. Bc4 Nc7
9. Bf4 b6 10. O-O Ba6 11. Bxa6 Nxa6 12. Qe2 Nc7 13. Rad1 Qc8 14. e5 dxe5 15.
Nxe5 Qb7 16. Qf3 Nce8 17. Nc6 Nd6 18. Rfe1 Nf5 19. d6 Nh4 20. Nxe7+ Qxe7 21.
dxe7 Nxf3+ 22. gxf3 Rfc8 23. Nb5 Ne8 24. Rd7 Nf6 25. Rb7 Nd5 26. Nd6 Nxf4 27.
Nxc8 1-0

[Event "VIII Festival A"]
[Site "Porto San Giorgio ITA"]
[Date "1996.08.20"]
[Round "1"]
[White "Foglia, Maurizio"]
[Black "Sebastianelli, Diego"]
[Result "0-1"]
[WhiteElo "1971"]
[BlackElo "2305"]
[PlyCount "66"]
[EventDate "1996.08.20"]

1. b3 e5 2. Bb2 Nc6 3. e3 d5 4. Bb5 Bd6 5. f4 Qh4+ 6. g3 Qe7 7. Nf3 Bg4 8. h3
Bxf3 9. Qxf3 Nf6 10. Nc3 a6 11. Bxc6+ bxc6 12. Ne2 O-O 13. Rd1 c5 14. O-O c6
15. g4 Nd7 16. Ng3 g6 17. Rf2 Rae8 18. g5 f6 19. Qg4 exf4 20. exf4 fxg5 21. Re2
Qf7 22. Rxe8 Qxe8 23. fxg5 Ne5 24. Bxe5 Qxe5 25. Nf1 Rf5 26. h4 Rf4 27. Qc8+
Kg7 28. Qd7+ Qe7 29. Qxc6 Rg4+ 30. Kf2 Qf7+ 31. Ke2 Rg2+ 32. Kd3 Qf5+ 33. Kc3
Be5+ 0-1